Five Letter Geography - Y - Statistics

General Stats
  • This quiz has been taken 39 times
  • The average score is 5 of 10
Answer Stats
Hint Answer % Correct
Country in the Middle East known for Adeni chai Yemen
100%
Canadian province bordering Alaska Yukon
90%
Browser created at Stanford University in California Yahoo
77%
Capital of Ivory Coast (Côte d'Ivoire) {Yamou}ssoukro
69%
De Facto capital of Nauru Yaren
64%
The up and down on a graph or a map Y-Axis
56%
A not so old town in New South Wales, Australia Young
51%
A county and city in northeastern Taiwan Yilan
5%
A river and region in Honduras Yaguá
3%
A historic village in the Marshall Islands Yalut
0%
No matching quizzes found
Score Distribution
Percent of People with Each Score
Percentile by Number Answered
Your Score History
You have not taken this quiz